| 000 | 00967nam0a22002411 4500 | ||
|---|---|---|---|
| 001 | rc\1004096 | ||
| 005 | 20041129101954.5 | ||
| 035 | _a(NLR Aleph) 006170083 | ||
| 090 |
_a5955159 _c5955159 |
||
| 100 | _a20041129d1981 u |0rusy50 ca | ||
| 101 | 0 | _arus | |
| 102 | _aRU | ||
| 105 | _aa ||||||||| | ||
| 200 | 1 |
_a60 лет Советской автономии Кабардино-Балкарии _e[Сб. статей] _fКабард.-Балкар. ин-т истории, филологии и экономики _g[Сост. А.С. Кишев] |
|
| 210 |
_aНальчик _cЭльбрус _d1981 |
||
| 215 |
_a159 с., 24 л. ил. _cил. _d21 |
||
| 702 | 1 |
_aКишев _bА. С. _4220 |
|
| 712 | 0 | 2 |
_aКабардино-Балкарский институт истории, филологии и экономики _cНальчик _3RU\NLR\AUTH\889927208 |
| 801 | 0 |
_aRU _bNLR _gpsbo |
|
| 801 | 1 |
_aRU _bELAR _2rusmarc |
|
| 852 |
_aNLR _j82-3/708 |
||
| 942 | _cBOOK | ||
| 980 | _aNB | ||